000 00744nam a2200241 i 4500
001 10472
003 ES-MaACL
005 20230906145909.0
007 t|
008 950628s1995 sp ||||1| spa d
020 _a84-306-0082-5
080 _a329"19"
100 1 _aBobbio, Norberto.
_929645
245 1 0 _aDerecha e izquierda
_b: razones y significados de una distinción política /
_cNorberto Bobbio.
260 _aMadrid :
_bTaurus,
_c1995.
300 _a187 p. ;
_c22 cm.
490 1 _aPensamiento
500 _aNueva edición revisada y ampliada con una respuesta a los críticos.
650 1 4 _aIdeología-
_yS.XX.
_913547
830 0 _aPensamiento
_9178722
852 _aES-MaACL
_jL-17883
_bR.123892
999 _c10472
_d10472